| 000 | 00551nam a2200157Ia 4500 | ||
|---|---|---|---|
| 003 | SGT | ||
| 082 |
_a621.38 _bFRE |
||
| 100 | _aFrench,CS | ||
| 245 | _aOliver & Chapman's Data Processing | ||
| 250 | _a7th Ed. | ||
| 260 |
_bGalgotia Publications Pvt. Ltd. _aN.Delhi _c1986 |
||
| 300 | _a520p. | ||
| 650 | _aELECTRICAL ENGINEERING | ||
| 653 | _aINTRODUCTION TO DADA PROCESSING, DATA PROCESSING PLACE IN INFORMATION TECHNOLOGY (IT) INTRODUCTION TO ELECTRONIC DATA PROCESSING , HARDWARE, COMPUTER FILES DATA COMMUNICATION AND CONTROL, | ||
| 942 |
_2ddc _cBK |
||
| 999 |
_c5073 _d5073 |
||